The Intel 8066/8088 Micro processor Architechture, Programming, Design & Interfacing (Record no. 59)

MARC details
000 -LEADER
fixed length control field 00448nam a22001577a 4500
005 - DATE AND TIME OF LATEST TRANSACTION
control field 20160426160507.0
008 - FIXED-LENGTH DATA ELEMENTS--GENERAL INFORMATION
fixed length control field 160426b xxu||||| |||| 00| 0 eng d
020 ## - INTERNATIONAL STANDARD BOOK NUMBER
ISBN N/A
041 ## - LANGUAGE CODE
Language code of text/sound track or separate title eng
082 ## - DEWEY DECIMAL CLASSIFICATION NUMBER
Item number 00180
100 ## - MAIN ENTRY--AUTHOR NAME
Personal name Chhabra, Bhupendra Singh
245 ## - TITLE STATEMENT
Title The Intel 8066/8088 Micro processor Architechture, Programming, Design & Interfacing
260 ## - PUBLICATION, DISTRIBUTION, ETC. (IMPRINT)
Place of publication New Delhi
Name of publisher Dhanpat Rai Publising Co. Pvt. Ltd.
Year of publication 1988
300 ## - PHYSICAL DESCRIPTION
Number of Pages 479
942 ## - ADDED ENTRY ELEMENTS (KOHA)
Koha item type Books
Holdings
Lost status Damaged status Home library Current library Date acquired Full call number Accession Number Koha item type
Lost   JRU Library JRU Library 26/04/2016 00180 00180 Books